| 000 | 01414naa a22003737a 4500 | ||
|---|---|---|---|
| 001 | BR7604000 | ||
| 003 | BR-BrBNA | ||
| 005 | 20240918173915.0 | ||
| 007 | ta | ||
| 008 | 230509b bl.||||| |||| 00| 0 por d | ||
| 040 |
_aBR-BrBNA _bpor _cBiblioteca Nacional de Agricultura |
||
| 041 | _a(Pt) | ||
| 072 |
_aH20 _b3387 _b1060 _b4120 |
||
| 090 | _aH20 BR7604000 | ||
| 100 | 1 | _aFeichtenberger, E. | |
| 100 | 1 | _aMuntaner, A.I.C. de | |
| 100 | 1 | _aRossetti, V. | |
| 100 | 1 | _aLeite, Y.R. | |
| 100 | 1 | _aPompeu Junior, J. | |
| 100 | 1 | _aTeofilo Sobrinho, J. | |
| 111 | 1 |
_a3. Congresso Brasileiro de Fruticultura _cRio de Janeiro, RJ (Brazil) _d14 Jul 1975 |
|
| 245 | 1 | _aEstudo comparativo da resistencia a Phytophtora spp, de quatro hidridos de Poncirus trifoliata (L.)Raf. com copa de laranja hamlin [limoeiro trifoliado, Citrus sinensis, fungo, variedade resistente] | |
| 260 | 3 |
_aCampinas, SP (Brasil): _c1976. |
|
| 500 | _aAnais do 3. Congresso Brasileiro de Fruticultura Campinas, SP (Brasil): 1976. v. 1 p. 141-146 (BR7604000-AM)H20 | ||
| 650 | _aLIMOEIRO TRIFOLIADO | ||
| 650 | _aLARANJA | ||
| 650 | _aPLANTA PORTA-ENXERTO | ||
| 650 | _aHIBRIDO | ||
| 650 | _aFUNGO | ||
| 650 | _aVARIEDADE RESISTENTE | ||
| 773 | 0 |
_tAnais do 3. Congresso Brasileiro de Fruticultura _wH20 BR7604000 _gCampinas, SP (Brasil), 1976. v. 1 p. 141-146 |
|
| 909 |
_a202404 _bLucia _c55 _dLucia Elande |
||
| 942 |
_cAM _2AGRIS |
||
| 999 |
_c307616 _d307616 |
||